SAD! - XXXTENTACION (Full lyrics) - Statistics

General Stats
  • This quiz has been taken 25 times
  • The average score is 195 of 275
Answer Stats
Lyrics % Correct
I?
95%
I
95%
am
91%
Who
86%
let
82%
sad,
82%
to
82%
You
82%
you
82%
go,
77%
I'm
77%
know
77%
know,
77%
decide
73%
ever
73%
if
73%
me
73%
afraid
68%
and
68%
Someone
68%
Suicide
68%
that's
68%
when
68%
Yeah
68%
yeah,
68%
yeah
68%
gonna
64%
She
64%
her
59%
you're
59%
lost
55%
my
55%
everything
50%
fuckin'
50%
gave
50%
hate
50%
heart
50%
left
50%
took
50%
try
50%
But
45%
found
45%
leave
45%
in
41%
love
41%
uh
41%
around
36%
broken
36%
fix,
36%
I'd
36%
lonely
36%
then
36%
bein'
32%
it's
32%
rather
32%
torture
32%
won't
32%
heart's
27%
weep
27%
contagious
18%
think
18%
No matching quizzes found
Score Distribution
Percent of People with Each Score
Percentile by Number Answered
Your Score History
You have not taken this quiz